000 00563nam a2200181Ia 4500
005 20250508152722.0
008 008 250505s9999 xx 000 0 eng d
037 _aBooks to be hide in OPAC
040 _aFEDL
_beng
_cFEDL
041 _aeng
_2eng
084 _a378.42, BRI/O
_qFEDL
245 0 _aCertifcate in eudcation and supplementary certifcate handbook of regulations, courses of study and syllabuses
245 0 _cUNIVERSITY OF BRISTOL
260 _c1960
300 _a196p.
942 _cHB
_h378.42, BRI/O
999 _c1338282
_d1338282